000 00689cam a2200241 4500
001 J2398
008 090401t xxu||||| |||| 00| 0 eng d
035 _a(Sirsi) u48877
041 _aeng
050 _a306.1
100 _aAdair, A.
245 _aNorthern Ireland property market analysis project (NIPMAP). - Report no.38 (January-March 1994); report no.41 (October - December 1994)
260 _aNewtownabbey
_bUniversity of Ulster
_c1994-95
300 _a3 pt. ; 30cm.
350 _a0
520 _aPublished quarterly
650 _aHOUSE PRICES
650 _aNORTHERN IRELAND
650 _aPROPERTY MARKET
700 _aMcGreal, Stanley
942 _n0
948 _c04/03/1997
999 _c92424
_d92424